How to be a student (Record no. 249525)
[ view plain ]
| 000 -LEADER | |
|---|---|
| fixed length control field | 01214nam a2200301Ia 4500 |
| 082 04 - DEWEY DECIMAL CLASSIFICATION NUMBER | |
| Classification number | 378.198 |
| 100 1# - MAIN ENTRY--AUTHOR NAME | |
| Personal name | Moore, Sarah. |
| 245 10 - TITLE STATEMENT | |
| Title | How to be a student |
| 260 ## - PUBLICATION, DISTRIBUTION, ETC. (IMPRINT) | |
| Place of publication | Maidenhead : |
| Name of publisher | Open University Press, |
| Year of publication | 2005. |
| 300 ## - PHYSICAL DESCRIPTION | |
| Number of Pages | xii, 139 p. |
| 650 #0 - SUBJECT ADDED ENTRY--TOPICAL TERM | |
| Topical Term | College students |
| Topical Term | College student orientation. |
| 700 1# - ADDED ENTRY--PERSONAL NAME | |
| Personal name | Murphy, Maura. |
| 856 40 - ELECTRONIC LOCATION AND ACCESS | |
| Uniform Resource Identifier | http://site.ebrary.com/lib/rucke/Doc?id=10172372 |
No items available.
